000 00433nam a22001337a 4500
040 _cNUST
082 _a220 PRO
100 _aC Faran Naim TC Haseeb Arif TC Daiem Ayubi
_9130899
110 _aSupervisor Dr. Atif Qayyum Dr Aqib Pervaiz Dr Rashid Naseer
_9130900
245 _aPR-SOF-2558-REMOTE CONTROL UNIT OF PATIENT BED
260 _aISLAMABAD:
_bNUST COLLEGE OF EME,
_c2025.
650 _aDE-ELECT-43
_9130873
942 _2ddc
_cPR
999 _c615050
_d615050